000
00250nam a2200121Ia 4500
100
_a
Philippakis/A S
942
_c
BK
654
_a
Cobol
245
_a
Structured Cobol
260
_b
McGraw Hill
_a
New York
_c
1986
300
_a
421
546
_a
ENGLISH
999
_c
34477
_d
34477